ბათუმის შოთა რუსთაველის სახელმწიფო უნივერსიტეტის ბიბლიოთეკა

მანქანათა ნაწილები(გაანგარიშების ტიპიური მაგალითები და საკონტროლო ამოცანები) (ბიბ.ჩანაწერი № 39617)

000 -ლიდერი
ფიქსირებული სიგრძის საკონტროლო ველი 01108nam a2200217Ia 4500
001 - საკონტროლო ნომერი
საკონტროლო ველი 6217
003 - საკონტროლო ნომრის იდენტიფიკატორი
საკონტროლო ველი GE_BSU
005 - ბოლო ოპერაციის თარიღი და დრო
საკონტროლო ველი 20190628184708.0
008 - ფიქსირებული სიგრძის მონაცემთა ელემენტები - ზოგადი ინფორმაცია
ფიქსირებული სიგრძის საკონტროლო ველი 181216s1984|||| |||||||||||||| ||geo||
080 ## - უნივერსალური ათობითი კლასიფიკაციის ინდექსი
Universal Decimal Classification number 621.8(075.8) ე-39
100 ## - მთავარი ჩანაწერი - პიროვნების სახელი
Personal name ეზიკაშვილი, ო.
9 (RLIN) 482
245 ## - ცნობა სათაურის შესახებ
Title მანქანათა ნაწილები(გაანგარიშების ტიპიური მაგალითები და საკონტროლო ამოცანები)
Remainder of title სახელმძღვ. /
Statement of responsibility, etc ო. ეზიკაშვილი ; გ. ჭელიძე ; რედ : ჩ.გურგენიძე.
264 ## - წარმოების, გამოცემის, დისტრიბუციის და სხვა ცნობები
გამოცემის, წარმოების, დისტრიბუციის... ადგილი თბილისი :
გამოცემის, წარმოების, დისტრიბუციის... სახელწოდება განათლება,
გამოცემის, წარმოების, დისტრიბუციის... თარიღი 1984.
300 ## - ფიზიკური აღწერა
Extent 720 გვ .:
Other physical details ილ ;
Dimensions 22 სმ.
300 ## - ფიზიკური აღწერა
Accompanying material ბიბლიოგრ.:გვ.719.
504 ## - BIBLIOGRAPHY, ETC. NOTE
Bibliography, etc ბიბლიოგრ.:გვ.719
653 ## - INDEX TERM--UNCONTROLLED
Uncontrolled term მანქანათა ნაწილები
700 ## - ADDED ENTRY--PERSONAL NAME
Personal name ჭელიძე, გ
9 (RLIN) 3081
700 ## - ADDED ENTRY--PERSONAL NAME
Personal name გურგენიძე, გ
Relator term რედაქტორი
9 (RLIN) 2980
942 ## - ADDED ENTRY ELEMENTS (KOHA)
Koha item type წიგნი
Source of classification or shelving scheme
ეგზემპლარები
ჩამოწერის სტატუსი დაკარგული ეგზემპლარის სტატუსი კლასიფიკაციის წყარო ან თაროზე გაწყობის სქემა დაზიანების სტატუსი არ გაიცემა მუდმივი მდებარეობა (დაცვის ადგილი) ამჟამინდელი ადგილსამყოფელი თაროზე განთავსების ადგილი შეძენის თარიღი ღირებულება, შესყიდვის ნორმალური ფასი სრული შენახვის შიფრი შტრიხკოდი ბოლო ოპერაციის თარიღი ეგზემპლარის მიმდევრობითი ნომერი (კეტერი?) ფასის ძალაში შესვლის თარიღი ეგზემპლარის სახეობა საჯარო შენიშვნა
          ტექნოლოგიური ფაკულტეტის ბიბლიოთეკა ტექნოლოგიური ფაკულტეტის ბიბლიოთეკა წიგნსაცავი 2018-12-17 3.00 621.8(075.8) ე-39 11122 2018-12-17 11122 2018-12-17 წიგნი 3 ლ.
          ტექნოლოგიური ფაკულტეტის ბიბლიოთეკა ტექნოლოგიური ფაკულტეტის ბიბლიოთეკა წიგნსაცავი 2018-12-17 3.00 621.8(075.8) ე-39 11123 2018-12-17 11123 2018-12-17 წიგნი 3 ლ.
          ტექნოლოგიური ფაკულტეტის ბიბლიოთეკა ტექნოლოგიური ფაკულტეტის ბიბლიოთეკა წიგნსაცავი 2018-12-17 3.00 621.8(075.8) ე-39 11124 2018-12-17 11124 2018-12-17 წიგნი 3 ლ.